000 00832nam a2200253 4500
003 OSt
005 20260530115311.0
008 260507b2013 mx a|||| |||| 00| 0 spa d
040 _aICI
_bspa
_cICI
050 4 _aN395.M49
_bP74
245 0 0 _aPremio Quórum /
_cMaru Gutiérrez, coordinación editorial ; Pedro Díaz Sáenz
250 _a Primera edición
264 1 _bQuórum, Consejo de Diseñadores de México,
_c2013
_a[México] :
300 _a232 páginas :
_bilustraciones
_c23cm.
336 _atexto
_2rdacontent
337 _asin medio
_2rdamedia
338 _avolumen
_2rdacarrier
500 _aPremio Quórum/Año cero
650 4 _aArte
_xPremios
_zMéxico
650 4 _aArtistas
_zMéxico
_932755
700 1 _aGutiérrez, Maru,
_beditor
_932756
700 1 _aDíaz Sáenz, Pedro,
_etraductor
_932757
942 _2lcc
_cBK
999 _c13337
_d13337